000 00734nam a2200253Ia 4500
003 OSt
005 20220926031834.0
006 a|||||r|||| 00| 0
007 ta
008 220923b |||||||| |||| 00| 0 eng d
037 _cGeneral Book
040 _aRTL
_cRTL
_beng
041 _2eng
_aeng
082 _aY73(P128), L5
100 _aDillon Myles
_9336427
245 0 _aCelts and Aryans
_b Survivals of Indo-European spee
260 _aSimla
_bI I A S
_c1975
300 _axxvi, 153p
_ccm.
490 _aIndian Institute of Advanced Studies Publications
500 _aAppendix: P 147-53
650 _aIndian
_9232679
942 _hY73(P128), L5
_cGB
_2CC
999 _c653332
_d653332